000 00668cam a2200205 4500500
005 20260329003633.0
041 _afre
042 _adc
100 1 0 _aEltchaninoff, Michel
_eauthor
245 0 0 _aManuel Cervera-Marzal: “Pour Nuit Debout, la question du territoire est centrale”
260 _c2016.
500 _a97
690 _aDémocratie
690 _aManuel Cervera-Marzal
690 _aNuit Debout
690 _aPablo Iglesias
690 _aPodemos
786 0 _nPhilosophie magazine | 100 | 6 | 2016-06-01 | p. 18-18 | 1951-1787
856 4 1 _uhttps://shs.cairn.info/magazine-philosophie-magazine-2016-6-page-18?lang=fr&redirect-ssocas=7080
999 _c1826289
_d1826289